00333pab a2200121 454500008004000000100002000040245005900060260000900119300000900128362001100137650001400148773004900162180718b1984 xxu||||| |||| 00| 0 eng d aKartez, Jack D. aCrisis response planningbToward a contingent analysis c1984 a9-21 aWinter aDisasters aJournal of the American Planning Association